LEADER 00983cam2 22002531 450 001 SOBE00043500 005 20140528085923.0 100 $a20140528d1930 |||||ita|0103 ba 101 $aita 102 $aIT 200 0 $a2$fMargherita Nugent 210 $aSan Casciano Val di Pesa$cSocietà editrice toscana$d1930 215 $a632 p.$cill.$d25 cm 461 1$1001SOBE00043499$12001 $aAlla Mostra della pittura italiana del '600 e '700 : note e impressioni / Margherita Nugent 700 1$aNugent$b, Margherita$3SOBA00010016$4070$0484021 801 0$aIT$bUNISOB$c20140528$gRICA 850 $aUNISOB 852 $aUNISOB$j4|C$m12527|ort 912 $aSOBE00043500 940 $aM 102 Monografia moderna SBN 941 $aW 957 $xFondo|Ortolani$a4|C$b003$fModalità di consultazione sulla home page della Biblioteca link Fondi$gNO$d12527|ort$hOrtolaniS$rdono$1calvano123$2UNISOB$3UNISOB$420140528090205.0$520140528090254.0$6calvano123 996 $a2$91711649 997 $aUNISOB LEADER 02463nam0 2200457 i 450 001 IEI0124231 005 20251003044159.0 010 $a8881146010 020 $aIT$b99-4929 100 $a19981006d1998 ||||0itac50 ba 101 | $aita 102 $ait 181 1$6z01$ai $bxxxe 182 1$6z01$an 200 1 $aAgricoltura, industrie indotte e manifatture in Terra d'Otranto, 1806-1906$fMario De Lucia 210 $aNapoli [etc.]$cEdizioni scientifiche italiane$d[1998] 215 $a200 p., [8] c. di tav.$cill.$d24 cm. 225 | $aCultura ed economia$v7 312 $aTit. sul dorso: Agricoltura, industrie indotte e manifatture in Terra d'Otranto.$9CFI0426600 410 0$1001BVE0039010$12001 $aCultura ed economia$v7 517 1 $aAgricoltura, industrie indotte e manifatture in Terra d'Otranto.$9CFI0426600 606 $aPuglia$xEconomia$xSec. 19.$2FIR$3CFIC046118$9I 676 $a330.94575$9SITUAZIONE E CONDIZIONI ECONOMICHE NEL MERIDIONE. REGIONE DELLA PUGLIA$v20 676 $a330.94575$9SITUAZIONI E CONDIZIONI ECONOMICHE. Puglia$v21 676 $a338.1094575$9AGRICOLTURA. PUGLIA$v21 676 $a338.1094575$9AGRICOLTURA. Puglia$v23 696 $aEconomia reale$aAttività economiche$aAspetti economici 699 $aEconomia$yEconomia reale 699 $aEconomia$zAttività economiche 699 $aEconomia$zAspetti economici 700 1$aDe Lucia$b, Mario$3CFIV003882$4070$0133923 801 3$aIT$bIT-000000$c19981006 850 $aIT-BN0095 $aIT-NA0079 $aIT-NA0452 901 $bNAP BN$cMAGAZZINO $nmagazzini correnti divisi per anni 901 $bNAP IS$cISEM $nSezione di storia economica dell'ex Istituto di storia economica del Mezzogiorno 901 $bNAP 01$cPOZZO LIB.$nVi sono collocati fondi di economia, periodici di ingegneria e scienze, periodici di economia e statistica e altri fondi comprendenti documenti di economia pervenuti in dono. 912 $aIEI0124231 950 0$aBiblioteca Centralizzata di Ateneo$c1 v.$d 01POZZO LIB.ECON MON 5073$e 0101 0000236545E VMA 1 v.$fB $h20210331$i20210331$c1 v.$d 01POZZO LIB.F. ASSANTE 30$e 0101 0060013895E VMA 1 v. (Precedente collocazione A 258)$fB $h20220914$i20220914 977 $a 01$a BN$a IS 996 $aAgricoltura, industrie indotte e manifatture in Terra d'Otranto (1806-1906$9165018 997 $aUNISANNIO